| 000 | 011410000a22002290004500 | ||
|---|---|---|---|
| 003 | LK-CoMWRAF | ||
| 005 | 20240212102136.0 | ||
| 008 | 230817t1998 ||||| |||| 00| 0 eng d | ||
| 020 | _a1559635754 | ||
| 040 |
_aLK-CoMWRAF _dLK-CoMWRAF _eLK-CoMWRAF |
||
| 041 | _aeng | ||
| 082 |
_a303.49 _bHAM |
||
| 100 | _aHammond, Allen | ||
| 245 |
_aWhich World?-Scenarios for the 21st century: _bGlobal Destinies, Regional Choices |
||
| 260 |
_aWashington: _bIsland Press, _c1998 |
||
| 300 |
_axiv, 306p. ; 24cm. _bIndex included |
||
| 520 | _a | ||
| 650 | _aTwenty-first century - Forecasts | ||
| 650 | _aSocial prediction | ||
| 650 | _a Economic forecasting | ||
| 942 | _cBK | ||
| 999 |
_c3001 _d3001 |
||